| 000 | 00744cam a22002654a 4500 | ||
|---|---|---|---|
| 008 | |||
| 020 | _a9781848608801 (pbk.) | ||
| 049 | _aMAIN | ||
| 090 |
_aRA790 _bPIL. |
||
| 100 | 1 | _aPilgrim, David. | |
| 245 | 1 | 0 |
_aKey concepts in mental health / _cDavid Pilgrim. |
| 250 | _a2nd ed. | ||
| 260 |
_aLondon : _bSAGE, _c2009. |
||
| 300 |
_aix, 204 p. : _bill. ; _c25 cm. |
||
| 440 | _aKey concepts series | ||
| 500 | _aPrevious ed.: 2005. | ||
| 504 | _aIncludes bibliographical references. | ||
| 650 | 0 | _aMental health. | |
| 650 | 0 | _aMental health services. | |
| 907 |
_a.b10296219 _b07-05-12 _c16-05-11 |
||
| 003 | |||
| 005 | 20230123114500.0 | ||
| 040 | _cNUST | ||
| 942 |
_cBOOKS _kRA790 _mPIL. |
||
| 999 |
_c122246 _d122246 |
||